| 000 | 00478cam a2200181ua 4500 | ||
|---|---|---|---|
| 001 | 5131 | ||
| 008 | 120730n nyu |||gr||||Z||||||eng | ||
| 020 | _a0-9-812137-7 | ||
| 040 | _cMAIN | ||
| 082 | _a821 | ||
| 100 |
_aLarkin, Philip, _eAuthor, |
||
| 245 | 1 | 1 |
_aOxford book of twentieth century english verse _cby Philip Larkin |
| 250 | _a1st. | ||
| 260 |
_aNew York: _bOxford university press, _c1988. |
||
| 300 |
_axlix; 641p: _c23cm. |
||
| 653 | _aEnglish poetry | ||
| 942 | _cBK | ||
| 999 |
_c4313 _d4313 |
||